| 000 | 00436nam a2200193Ia 4500 | ||
|---|---|---|---|
| 005 | 20240823034233.0 | ||
| 008 | 240823s9999||||xx |||||||||||||| ||und|| | ||
| 020 | _a978-81-87480--62-4 | ||
| 041 | _aMALAYALAM | ||
| 082 | _A808.87 P9 | ||
| 100 | _aDr . P.Sethunathan | ||
| 245 | 0 | _aKilimozhi | |
| 250 | _a1st | ||
| 260 |
_c2009 _bMaluben Publica |
||
| 500 | _aYES | ||
| 650 |
_aSatire _bGeneral |
||
| 942 | _cBK | ||
| 999 |
_c197760 _d197760 |
||